Principles of macro-economics
Saved in:
| Main Author: | |
|---|---|
| Format: | Book |
| Language: | English |
| Published: |
Pearson Education
2017
|
| Tags: |
Add Tag
No Tags, Be the first to tag this record!
|
MARC
| LEADER | 00000nam a22000007a 4500 | ||
|---|---|---|---|
| 008 | 210125b ||||| |||| 00| 0 eng d | ||
| 020 | |a 978-1-292-15089-5 | ||
| 100 | |a CASE, Karl E | ||
| 245 | |a Principles of macro-economics |c Karl E. Case, Ray C. Fair, Sharon E. Oster |g 475p.; ill | ||
| 250 | |b 12th ed | ||
| 260 | |b Pearson Education |c 2017 |h Boston |i 690858 |i 690858 |l HB172.5 .C26 |m Macroeconomics. | ||
| 500 | |a “It includes index”. | ||
| 942 | |a lcc |c BK |e Ogunmilade F.T. |f 25/1/2021 | ||
| 952 | |0 0 |1 0 |2 lcc |4 0 |6 HB01725 C26 |7 0 |9 1805 |a HOL |b HOL |c GJ |d 2021-01-25 |l 0 |o HB172.5 .C26 |p 2021-5678 |r 2021-01-25 00:00:00 |w 2021-01-25 |y BK | ||
| 952 | |0 0 |1 0 |2 lcc |4 0 |6 HB01725 C26 |7 0 |9 1806 |a HOL |b SSL |c GJ |d 2021-01-25 |l 0 |o HB172.5 .C26 |p 2021-5679 |r 2021-01-25 00:00:00 |w 2021-01-25 |y BK | ||
| 999 | |c 950 |d 950 | ||